<Der> Handel <Das> Wirschaftsmagazin für Handelsunternehmer

Uložené v:
Podrobná bibliografia
Médium: Seriál
Jazyk:German
Vydavateľské údaje: Frankfurt a.M. Deutscher Fachverlag 2021
Tagy: Pridať tag
Žiadne tagy, Buďte prvý, kto otaguje tento záznam!

MARC

LEADER 00000nas2a2200000 4500
001 0274802
005 20240821092213.0
022 |a 0942-4881 
041 0 |a ger 
044 |a DE 
245 1 0 |a <Der> Handel  |b <Das> Wirschaftsmagazin für Handelsunternehmer 
264 1 |a Frankfurt a.M.  |b Deutscher Fachverlag  |c 2021 
773 0 |w eu_un_cat*s120195 
774 0 |w eu_un_cat*0303708